00000000nam 2200000zi 4500
0019.945365
003CaOODSP
00520241120105940
006m     o  d f      
007cr mn|||||||||
008241120s1972    oncad   ob   f000 0 fre d
040 |aCaOODSP|bfre|erda|cCaOODSP
043 |an-cn---
0861 |aCo41-1/8DF-PDF|zCo41-1/8DF
24500|aSystèmes polyvalents de télécommunications par câble : |bla cité câblée.
264 1|aOttawa : |bMinistère des communications, |c1972.
300 |a1 ressource en ligne (59 pages) : |billustrations, graphiques.
336 |atexte|btxt|2rdacontent/fre
337 |ainformatique|bc|2rdamedia/fre
338 |aressource en ligne|bcr|2rdacarrier/fre
4901 |aTélécommission étude ; |v8(d)
500 |aPublié aussi en anglais sous le titre : Multiservice cable telecommunication systems : the wired city.
500 |aÉdition numérisée de l'imprimé [par Innovation, sciences et développement économique Canada].
504 |aComprend des références bibliographiques (pages 50-54).
650 6|aTélédistribution|zCanada.
650 6|aTélécommunications|zCanada.
7101 |aMinistère des communications, |eorganisme de publication.
77508|tMultiservice cable telecommunication systems : |w(CaOODSP)9.945361
830#0|aTélécommission étude ;|v8(d).|w(CaOODSP)9.927948
85640|qPDF|s1.35 Mo|uhttps://publications.gc.ca/collections/collection_2024/isde-ised/co41-1/Co41-1-8D-fra.pdf